| 000 | 00361nam a2200145Ia 4500 | ||
|---|---|---|---|
| 008 | 230917s9999||||xx |||||||||||||| ||und|| | ||
| 040 |
_e210594 _aMAIN |
||
| 041 | _aEnglish | ||
| 082 | _a294.12 S81S | ||
| 100 | _aShushma | ||
| 245 | 0 | _aSwami Dayanand-krit Rigvedadibhashyabhoomika ka darshanik adhyayan | |
| 260 | _c2013 | ||
| 300 | _a169 p. | ||
| 942 | _cTH | ||
| 999 |
_c125972 _d125972 |
||